Statistiques concernant Trouve le code-mission du RER (2)

Cliquez ici pour prendre le quiz!

Statistiques générales

  • Ce quiz a été pris 25 fois
  • Le résultat moyen est 8 sur 32

Statistiques - réponses

IndiceDestinationRéponse% Correct
Il raconta son romanPontoise depuis DourdanNARA
65%
Princesse hébraïqueSaint-Quentin-en-YvelinesSARA
65%
Gagne-pain gouvernementalPoissy depuis BoissyTAXE
55%
Punition en prépaMassy-Palaiseau depuis Mitry (direct nord)KHOL
50%
Arrêt au QuébecRobinsonSTOP
45%
Orthogonal aux échecsPoissy depuis Cergy (travaux)TOUR
45%
Grand mafieux serbe dans GTA IVBoissy depuis La DéfenseNICO
40%
Débuts d'un prix nobel pakistanaisMantes-la-Jolie via PoissyMALA
35%
N'a déza plus soifSaint-Germain-en-Laye depuis BoissyZEBU
35%
Ministère renferméMalesherbes depuis JuvisyBOVO
30%
Compagnon proxénèteJuvisy depuis le nord de la D (semi-direct)JULO
30%
Aux débuts de RomeOrsay-Ville depuis Roissy (semi-direct sud)LOUP
30%
Boulette de l'OrientMassy-Palaiseau depuis Mitry (omnibus)KFTE
25%
Où Évry arrête les banditsBrétigny depuis Saint-Martin-d'Étampes (travaux)BARO
20%
Oasis du ballon rondNogent-le-Perreux (travaux)DOHA
20%
Grande école du tonnerreRoisssy depuis Robinson (omnibus)ELEC
20%
Pokémon SerpenrocTorcy depuis Saint-Germain-en-Laye
(sans Nanterre-Préfecture)
ONIX
20%
Kryptonite légèreLa Croix de Berny/Antony (travaux)NEON
15%
Celui-ci sort d'un canonTorcy depuis Saint-Germain-en-Laye
(omnibus)
OBUT
15%
Animal qui ne sort pas de sa taïga, "il ne s'y sentirait pas bien"Torcy depuis Le Vésinet - Le Pecq
(sans Neuilly-Plaisance, Lognes)
OURS
15%
Perd la faceSaint-Rémy-lès-Chevreuse depuis Roissy
(semi-direct sud)
PILE
15%
Ils sont malades, ces chinois!Cergy depuis Torcy
(sans Noisiel et Lognes, ancien code)
UHAN
15%
Pied forceurLa Défense depuis Torcy? (très rare)BICH
10%
L'Angleterre derrière la brumeMassy-Palaiseau depuis La Plaine-Stade
(sans Fontaine-Michalon)
KENT
10%
Pillard des steppesMassy-Palaiseau depuis Mitry (direct nord)KHAN
10%
Capitaine des tréfondsBoissy depuis Saint-Germain-en-LayeNEMO
10%
Jouet ovale de PoutineTorcy depuis Saint-Germain-en-Laye
(sans Bry-sur-Marne)
OJIV
10%
Jeu grandeur natureSaint-Rémy-lès-Chevreuse depuis Roissy
(semi-direct sud)
PIST
10%
Auteur sans eMarne-la-Vallée depuis Poissy
(sans Nanterre-Préfecture)
QENO
10%
Pierre anti-évolutiveRobinson depuis Roissy (omnibus en été)STAZ
10%
Ennemi du xérophileCergy depuis Marne-la-Vallée - Chessy
(sans Houilles et Maisons-Laffitte, ancien code)
UMID
10%
Coquette mais nulle en jeuRobinson depuis Mitry (omnibus)SOME
5%

Distribution des résultats

Percentile par nombre de réponses

% des personnes avec chaque résultat

Votre développement - résultats

Vous n’avez pas pris ce quiz